Complex variables and the Laplace transform for engineers (Record no. 13856)

000 -LEADER
fixed length control field 00606nam a22002051 4500
001 - CONTROL NUMBER
control field 13856
003 - CONTROL NUMBER IDENTIFIER
control field BD-DhUET
008 - FIXED-LENGTH DATA ELEMENTS--GENERAL INFORMATION
fixed length control field 840622s1961 nyua b 000 0 eng
040 ## - CATALOGING SOURCE
Original cataloging agency DLC
Transcribing agency DLC
Modifying agency BD-DhUET
082 00 - DEWEY DECIMAL CLASSIFICATION NUMBER
Classification number 517.862
Item number LEP/1961
100 ## - MAIN ENTRY--PERSONAL NAME
Personal name LePage, Wilbur R.
245 10 - TITLE STATEMENT
Title Complex variables and the Laplace transform for engineers
250 ## - EDITION STATEMENT
Edition statement 1st ed.
260 ## - PUBLICATION, DISTRIBUTION, ETC. (IMPRINT)
Place of publication, distribution, etc. Bombay
Name of publisher, distributor, etc. McGraw-Hill
Date of publication, distribution, etc. 1961
300 ## - PHYSICAL DESCRIPTION
Extent xvi, 475 p.
Other physical details ill.
Dimensions 24 cm.
490 ## - SERIES STATEMENT
Series statement International series in pure and applied mathematics
504 ## - BIBLIOGRAPHY, ETC. NOTE
Bibliography, etc Includes bibliographies
650 #0 - SUBJECT ADDED ENTRY--TOPICAL TERM
Topical term or geographic name as entry element Calculus - Complex variables
942 ## - ADDED ENTRY ELEMENTS (KOHA)
Koha item type General Book
Holdings
Copy number Source of classification or shelving scheme Not for loan Price effective from Koha item type Koha full call number Koha date last seen Location (home branch) Shelving location Withdrawn status Sublocation or collection (holding branch) Piece designation (barcode) Date acquired Damaged status Koha normalized classification for sorting Lost status
1  2015-03-05General Book517.862/LEP/19612015-03-05Central Library, BUETCirculation section Central Library, BUET401162015-03-05 517_862000000000000_LEP_1961 
2  2015-03-05General Book517.862/LEP/19612015-03-05Central Library, BUETCirculation section Central Library, BUET243852015-03-05 517_862000000000000_LEP_1961 
3  2015-03-07General Book517.862/LEP/19612015-03-07Central Library, BUETCirculation section Central Library, BUET63742015-03-07 517_862000000000000_LEP_1961 
4  2015-03-07General Book517.862/LEP/19612015-03-07Central Library, BUETCirculation section Central Library, BUET510272015-03-07 517_862000000000000_LEP_1961 
5  2015-03-07General Book517.862/LEP/19612015-03-07Central Library, BUETCirculation section Central Library, BUET209632015-03-07 517_862000000000000_LEP_1961 
6  2015-03-07General Book517.862/LEP/19612015-03-07Central Library, BUETCirculation section Central Library, BUET426592015-03-07 517_862000000000000_LEP_1961 
7  2015-03-07General Book517.862/LEP/19612015-03-07Central Library, BUETCirculation section Central Library, BUET401152015-03-07 517_862000000000000_LEP_1961 
8  2015-03-07General Book517.862/LEP/19612015-03-07Central Library, BUETCirculation section Central Library, BUET396712015-03-07 517_862000000000000_LEP_1961 
9  2015-03-07General Book517.862/LEP/19612015-03-07Central Library, BUETCirculation section Central Library, BUET396702015-03-07 517_862000000000000_LEP_1961 
10  2015-03-07General Book517.862/LEP/19612015-03-07Central Library, BUETCirculation section Central Library, BUET426602015-03-07 517_862000000000000_LEP_1961 
11  2015-03-09General Book517.862/LEP/19612015-03-09Central Library, BUETCirculation section Central Library, BUET426612015-03-09 517_862000000000000_LEP_1961 
12  2015-03-09General Book517.862/LEP/19612015-03-09Central Library, BUETCirculation section Central Library, BUET510262015-03-09 517_862000000000000_LEP_1961 
13  2015-05-03General Book517.862/LEP/19612015-05-03Central Library, BUETCirculation section Central Library, BUET20392015-05-03 517_862000000000000_LEP_1961 
14  2015-05-03General Book517.862/LEP/19612015-05-03Central Library, BUETCirculation section Central Library, BUET63752015-05-03 517_862000000000000_LEP_1961 
15  2015-05-03General Book517.862/LEP/19612015-05-03Central Library, BUETCirculation section Central Library, BUET20412015-05-03 517_862000000000000_LEP_1961 
16  2015-05-03General Book517.862/LEP/19612015-05-03Central Library, BUETCirculation section Central Library, BUET20402015-05-03 517_862000000000000_LEP_1961